MYRIAM SUNNEN, Malraux et le christianisme. Paris. Honoré Cham pion, coll. « Littérature de Notre Siècle, n° 30 ». Un vol. de 542 p. (notice n° 1654748)

détails MARC
000 -LEADER
fixed length control field 01554cam a2200157 4500500
005 - DATE AND TIME OF LATEST TRANSACTION
control field 20260208010005.0
041 ## - LANGUAGE CODE
Language code of text/sound track or separate title fre
042 ## - AUTHENTICATION CODE
Authentication code dc
100 10 - MAIN ENTRY--PERSONAL NAME
Personal name Larrat, Jean-Claude
Relator term author
245 00 - TITLE STATEMENT
Title MYRIAM SUNNEN, Malraux et le christianisme. Paris. Honoré Cham pion, coll. « Littérature de Notre Siècle, n° 30 ». Un vol. de 542 p.
260 ## - PUBLICATION, DISTRIBUTION, ETC.
Date of publication, distribution, etc. 2010.<br/>
500 ## - GENERAL NOTE
General note 87
520 ## - SUMMARY, ETC.
Summary, etc. L’œuvre de Jean-Paul de Dadelsen nous est parvenue essentiellement par l’intermédiaire d’un volume de poésie, publié chez Gallimard en 1962 sous le titre de Jonas, puis réédité en 2005, dans une version qui adjoint au précédent corpus un nouvel ensemble de textes. Écrite dans l’urgence, cette œuvre poignante évoque avec la même vigueur l’enfance alsacienne, la Seconde Guerre mondiale et le cancer dont meurt Dadelsen en 1957. Bien qu’intime et autobiographique, la poésie de Dadelsen dialogue avec divers corpus philosophiques, parmi lesquels la tradition platonicienne. Ce lien se manifeste sur le plan de la topologie et de la cosmologie que dessine Jonas, mais aussi de la psychologie que suppose le recueil — entendue au sens de science des âmes ; en dernier lieu, l’Éros dadelsenien, puissance ambiguë, paraît comparable, dans une certaine mesure, à l’Éros platonicien.
786 0# - DATA SOURCE ENTRY
Note Revue d'histoire littéraire de la France | 110 | 1 | 2010-03-01 | p. 191ze-241ze | 0035-2411
856 41 - ELECTRONIC LOCATION AND ACCESS
Uniform Resource Identifier <a href="https://shs.cairn.info/revue-d-histoire-litteraire-de-la-france-2010-1-page-191ze?lang=fr&redirect-ssocas=7080">https://shs.cairn.info/revue-d-histoire-litteraire-de-la-france-2010-1-page-191ze?lang=fr&redirect-ssocas=7080</a>

Pas d'exemplaire disponible.

PLUDOC

PLUDOC est la plateforme unique et centralisée de gestion des bibliothèques physiques et numériques de Guinée administré par le CEDUST. Elle est la plus grande base de données de ressources documentaires pour les Étudiants, Enseignants chercheurs et Chercheurs de Guinée.

Adresse

627 919 101/664 919 101

25 boulevard du commerce
Kaloum, Conakry, Guinée

Réseaux sociaux

Powered by Netsen Group @ 2025